000
00237nam a2200097Ia 4500
001
1164776
005
20250827011727.0
008
250824s9999 xx 000 0 und d
245
0
_a
BİR DEDENİN KALBİ
_c
IRENA TREVISAN
260
_b
KETEBE
999
_c
1164776
_d
1164776